Statistics for Bayern 2020-21 Bundesliga Goalscorers

Click here to take the quiz!

General Stats

  • This quiz has been taken 55 times
  • The average score is 69 of 75

Answer Stats

MDFixture (Home/Away)MinuteScorer% Correct
90'Robert Lewandowski
100%
21Arminia (H)48'Robert Lewandowski
100%
12Wolfsburg (H)45+1', 50'Robert Lewandowski
100%
13Leverkusen (A)43', 90+3'Robert Lewandowski
100%
76' (P), 83'Robert Lewandowski
100%
15Mönchengladbach (A)20' (P)Robert Lewandowski
100%
16Freiburg (H)7'Robert Lewandowski
100%
17Augsburg (A)13' (P)Robert Lewandowski
100%
57'Robert Lewandowski
100%
22Eintracht (A)53'Robert Lewandowski
100%
45+1'Robert Lewandowski
100%
33', 65'Robert Lewandowski
100%
24Dortmund (H)26', 44' (P), 90',Robert Lewandowski
100%
67'Robert Lewandowski
100%
26Stuttgart (H)
18', 23', 39'
Robert Lewandowski
100%
31Mainz (A)90+4'Robert Lewandowski
100%
32Mönchengladbach (H)2', 34', 66' (P)Robert Lewandowski
100%
33Freiburg (A)
26' (P)
Robert Lewandowski
100%
11Union (A)68'Robert Lewandowski
100%
54'Robert Lewandowski
100%
26', 45+1'Robert Lewandowski
100%
5Eintracht (H)10', 26', 60'Robert Lewandowski
100%
3Hertha (H)40', 51', 85', 90+2' (P)Robert Lewandowski
100%
48'Robert Lewandowski
100%
31' (P)Robert Lewandowski
100%
33'Joshua Kimmich
98%
2Hoffenheim (A)36'Joshua Kimmich
98%
14Mainz (H)50'Joshua Kimmich
98%
13'Joshua Kimmich
98%
71'Leroy Sané
98%
85'Leroy Sané
98%
72'Leroy Sané
98%
55'Leroy Sané
98%
80'Leroy Sané
98%
53'Leroy Sané
98%
22'Serge Gnabry
98%
35'Serge Gnabry
98%
82', 86'Serge Gnabry
98%
34Augsburg (H)23'Serge Gnabry
98%
63'Serge Gnabry
98%
1Schalke (H)4', 47', 59'Serge Gnabry
98%
45+1'Serge Gnabry
98%
43'Thomas Müller
98%
34', 75'Thomas Müller
98%
23'Thomas Müller
98%
70'Thomas Müller
98%
6Köln (A)13' (P)Thomas Müller
98%
4Arminia Bielefeld (A)8', 51'Thomas Müller
98%
75'Thomas Müller
98%
18Schalke (A)
33', 88'
Thomas Müller
98%
25Bremen (A)22'Leon Goretzka
91%
26'Leon Goretzka
91%
27Leipzig (A)38'Leon Goretzka
91%
88'Leon Goretzka
91%
19'Leon Goretzka
91%
44'Kingsley Coman
87%
43'Kingsley Coman
87%
20Hertha (A)21'Kingsley Coman
87%
8Bremen (H)62'Kingsley Coman
87%
9Stuttgart (A)
38'
Kingsley Coman
87%
70'Alphonso Davies
81%
29Wolfsburg (A)
15', 37'
Jamal Musiala
79%
90'Jamal Musiala
79%
28Union (H)68'Jamal Musiala
79%
10
Leipzig (H)
30'Jamal Musiala
79%
81'Jamal Musiala
79%
70'Niklas Süle
77%
19Hoffenheim (H)32'Jérôme Boateng
74%
24'Eric Maxim Choupo-Moting
68%
30Leverkusen (H)7'Eric Maxim Choupo-Moting
68%
23Köln (H)18'Eric Maxim Choupo-Moting
68%
90'David Alaba
62%
7Dortmund (A)45+4'David Alaba
62%
58'Corentin Tolisso
43%
87'Douglas Costa
28%

Score Distribution

Percentile by Number Answered

Percent of People with Each Score

Your Score History

You have not taken this quiz